00520nam a2200169Ia 4500008004100000020001800041041000800059082001600067100001500083245003000098250000600128260003900134300001900173650000900192999001900201952013000220210716s2009 xx 000 0 und d a9788131728857 aeng a657.45 BASS aBasu, S K. aFundamentals of auditing. a1 aNew DelhibPearson Educationc2009 axiii,15.14,i.4 aNone c204724d204724 00102ddc40738MBAaAIMITbAIMITd2009-02-02g230.00l0o657.45 BASSpMBA07290r2025-07-21 00:00:00v172.50w2021-07-16yBK